| 000 | 01213am a2200301a 44500 | ||
|---|---|---|---|
| 003 | AR-BaBNM | ||
| 005 | 20251128210943.0 | ||
| 008 | 011101s2001 #AR|||||||||||000 | spa|| | ||
| 020 | _a958-33-2438-8 | ||
| 040 | _cAR-BaBNM | ||
| 245 | 1 | 0 |
_aEl niño que piensa _bun modelo de formación de maestros |
| 260 |
_aCali _bUniversidad del Valle _bUniversidad Federal Fluminense _bUniversidad de Buenos Aires _c2001 |
||
| 300 |
_a288 p. _bfot., tablas |
||
| 490 | 0 | _aCognición y educación | |
| 500 | _aContiene referencias bibliográficas, índice temático e índice de autores. Vienen acompañados por un CD-ROM, cuyo número de inventario es 750510 y 750511. Solicitar en MEDIATECA. | ||
| 650 | 4 | _aPSICOLOGIA DE LA EDUCACION | |
| 650 | 4 | _aFORMACION DE DOCENTES | |
| 650 | 4 | _aENSEÑANZA DE LA CIENCIA | |
| 650 | 4 | _aPROCESO COGNOSCITIVO | |
| 650 | 4 | _aFORMACION DE CONCEPTOS | |
| 653 | _aPSICOLOGIA COGNITIVA | ||
| 653 | _aPENSAMIENTO CIENTIFICO | ||
| 700 | 1 |
_aPuche Navarro, Rebeca _ecompilador |
|
| 700 | 1 |
_aColinvaux, Dominique _ecompilador |
|
| 700 | 1 |
_aDibar Ure, Celia _ecompilador |
|
| 810 | 2 |
_aUniversidad del Valle _bCentro de Investigaciones en Psicología, Cognición y Cultura |
|
| 942 | _cBK | ||
| 999 |
_c17614 _d17614 |
||